[Event "Julian Mazur Memorial"]
[Site "Wellington Chess Club"]
[Date "2019.09.19"]
[Round "8.1"]
[White "Forster, Bill"]
[Black "Dive, Russell"]
[Result "0-1"]
[WhiteElo "2017"]
[BlackElo "2410"]

1. e4 e5 2. f4 Bc5 3. Nf3 d6 4. Nc3 Nc6 5. Na4 Bb6 6. Nxb6 axb6 7. Bc4 Nf6 8.
d3 O-O 9. O-O Na5 10. fxe5 dxe5 11. Nxe5 $4 {1) Short version. I am an idiot.
2) Longer version, recorded here for the benefit of chess psychologists who no
doubt pore over my games for the many valuable examples of various types of
chess stupidity. Obviously I knew Russell wouldn't just give me a free pawn.
But when he played 9...Na5 after a long think I fully bought into the idea that
he might (would) *sacrifice* a pawn. I spent a lot of time on my next two
moves, calculating all kinds of variations (all nonsense of course) in which
Russell sacs a pawn for various types of compensation. Quite late in the
process I noticed the line 11...Qd4+ followed by 12...Qxe5 (that's right...I
saw the problem with 11.Nxe5??????) but for some reason I evaluated the
position after that sequence as another one of the variations where Russell had
sacced a pawn. This complete illusion was shattered only by the act of playing
the move and pressing the clock, whereupon I immediately realised I'd wasted an
evening for me and my opponent really (sorry Russell)} 11... Qd4+ 0-1

[Event "Julian Mazur Memorial"]
[Site "Wellington Chess Club"]
[Date "2019.09.19"]
[Round "8.2"]
[White "Winter, Ryan"]
[Black "Ker, Anthony"]
[Result "1/2-1/2"]
[WhiteElo "2087"]
[BlackElo "2451"]

1. e4 c5 2. Nc3 g6 3. g3 Bg7 4. Bg2 Nc6 5. d3 e6 6. f4 Nge7 7. Nf3 d6 8. O-O
O-O 9. Be3 Nd4 10. Qd2 Rb8 11. Nd1 b5 12. c3 Nxf3+ 13. Bxf3 b4 14. d4 Ba6 15.
Re1 bxc3 16. bxc3 cxd4 17. cxd4 d5 18. e5 h5 19. h3 Rb7 20. Nc3 Qd7 21. Bd1
Rfb8 22. Na4 Rb4 23. Nc5 Qc6 24. Bb3 Bc4 25. Rec1 Nc8 26. Nd3 R4b7 27. Nc5 Rb4
28. Nd3 R4b7 29. Nc5 1/2-1/2

[Event "Julian Mazur Memorial"]
[Site "Wellington Chess Club"]
[Date "2019.09.19"]
[Round "8.3"]
[White "Nijman, Brian"]
[Black "Benitez, Edgar"]
[Result "1-0"]
[WhiteElo "2212"]
[BlackElo "2040"]

1. d4 Nf6 2. Bf4 d6 3. e3 g6 4. Nf3 Bg7 5. c3 b6 6. Bc4 O-O 7. Nbd2 Bb7 8. Qc2
Nbd7 9. e4 d5 10. exd5 Nxd5 11. Bg5 N7f6 12. O-O Rc8 13. Rfe1 Re8 14. a4 h6 15.
Bh4 e6 16. a5 Nf4 17. Bb5 c6 18. Bf1 g5 19. Bg3 N6h5 20. Qb3 c5 21. axb6 axb6
22. dxc5 Rxc5 (22... g4 23. Bh4 Qd5 (23... Qd7 24. Ne5 Bxe5 25. Rxe5 Rxc5 (
25... Qxd2 $2 26. Rd1 Nh3+ 27. gxh3 Qf4 28. Re3 $1 Rxc5 (28... gxh3 29. Rd4)
29. Qxb6 Rd5 30. Rxd5 Bxd5 31. c4 $1) 26. Rxc5 bxc5 27. Ra7 (27. Qd1 Ng6 28.
Qxg4 Nf4 29. Nf3 f5 30. Qg3 e5 31. Ne1 Kh7 32. f3 Rg8 33. Kh1 Qd5 34. Qf2 Nxh4
35. Qxh4 Rg7 36. Qf6 e4 37. c4 Qd2 38. Qxf5+ $10) 27... Rb8 28. Qd1 e5 $10) 24.
Qxd5 Bxd5 25. Ne5 $10) 23. Rad1 Qc7 24. Ne4 Bxe4 $6 (24... Rd5) 25. Rxe4 Nxg3
26. hxg3 Nd5 27. Rde1 Nf6 28. Ra4 Rd8 29. Rea1 Nd5 30. Ra7 Qd6 31. Rb7 Rc7 32.
Rba7 Rxa7 33. Rxa7 Rb8 34. Qa4 Nc7 35. Qc4 Nd5 36. Qe4 b5 37. Nd4 Nf6 38. Qc6
Qxc6 39. Nxc6 Rb6 40. Ra8+ (40. Nd8 $6 Rd6 41. Nxf7 Rd1 42. Ne5 Ne4 43. Ra8+
Kh7 44. Ng4 Nd2 45. Ne3 Rb1 46. Ra7 Kg6 47. Ra6 $10) 40... Bf8 41. Ne5 $10
{[Black lost on time]} 1-0

[Event "Julian Mazur Memorial"]
[Site "Wellington Chess Club"]
[Date "2019.09.19"]
[Round "8.4"]
[White "Tanoi, Edward"]
[Black "Pomeroy, Arthur"]
[Result "1-0"]
[WhiteElo "2013"]
[BlackElo "2074"]

1. d4 Nf6 2. Nf3 g6 3. Nc3 Bg7 4. Bf4 O-O 5. e3 d6 6. Be2 Nc6 7. Qd2 Bf5 8. O-O
Nh5 9. Bg5 h6 10. e4 $5 Bxe4 11. Bxh6 Bxf3 12. Bxf3 Nf6 13. Bxg7 Kxg7 14. d5
Ne5 15. Be2 c6 16. Qd4 $6 {around about here I started to drift and gradually
got worse.  The problem is a lack of a plan in a relatively unfamiliar
position.} 16... Qb6 17. Qxb6 axb6 18. f4 Neg4 19. Bf3 $6 {Black starts to
assert central dominance with his knights  and stands better now.} 19... Ne3
20. dxc6 bxc6 21. Rf2 d5 22. b3 $2 e6 23. Na4 b5 24. Nc5 Ra3 $1 {suddenly I see
Black's plan but already I'm much worse. Grim defence  is the main objective
now.} 25. Re2 Nf5 26. c3 Nh4 27. Rc1 $2 {a poor move based  on the desire to
get out of a possible pin on the a2 pawn when the other black rook  arrives at
a8. I also thought the best way to defend was along the 2nd rank.}  (27. Kf2)
27... Nxf3+ $1 $19 28. gxf3 Rfa8 29. Kf2 Rxa2 30. Rcc2 Rxc2 31. Rxc2 Ra1 32.
Nd3 {repositioning the knight as I target the c5 square for my king. It's a
long shot  but if I can get to it before Arthur realises, it might be enough
for him to ease  off and give me chances of counterplay. For now I'm not too
concerned about my weak  kingside pawns because he hasn't mobilized his king or
knight. I just have to shuffle  my pieces closer to c5 and the weak c6 pawn.
All without Arthur noticing.} 32... Rd1 33. Ke2 Rh1 34. Ke3 Ne8 {Unexpected. I
see that Arthur will get a very strong position  if his knight checks on f5.
Therefore} 35. b4 $1 {I offer him the tantalizing prospect  of a check on c4
instead.} 35... Nd6 36. Ne5 Nc4+ $2 {and there's my chance}  (36... Nf5+ 37.
Kd3 Re1 38. Re2 Ra1 39. Nxc6 Rf1 40. Ne5 f6 41. Nc6 Rxf3+) 37. Nxc4 bxc4 38.
Kd4 {it was at this point that the penny drops and Arthur stares at the board
bewilderingly  (is that a word?)} 38... Ra1 $2 {but his response was too hasty.
Afterwards, we looked  at the following lines when Black can clearly win.}  (
38... Kf6 39. Kc5 Kf5 40. Kxc6 Kxf4 41. b5 Ke3 42. b6 (42. Rb2 d4 43. b6 dxc3
44. Rb4 c2 45. b7 c1=Q 46. b8=Q) 42... Rb1 43. b7 Kd3 44. Rc1 Rb2 45. f4 Kd2)
39. Kc5 Ra6 40. Kd6 $2 {Black can regain the initiative here} 40... Kf6 $1 41.
Kc7 Ke7 $2 ( {but not like this. } 41... Kf5 $1 42. Kb7 Ra3 43. Kxc6 Kxf4 44.
b5 Rb3 45. b6 Ke3 46. b7 Kd3 47. Ra2 Kxc3 48. Ra3 Kc2 49. Rxb3 cxb3 50. b8=Q b2
51. Kd7 b1=Q 52. Qe5 Qb5+ 53. Ke7 {it's not my intention to show such long
variations but to highlight the complications both players had to consider in
ever decreasing time limits.} ) 42. Kb7 Ra3 43. Kxc6 Kd8 $4 {At the last chance
saloon, Arthur cracks under time pressure. Ironically, it was my clock with a
handful of minutes that forced me to make the last 6 or 7 moves quickly
inadvertently making Arthur move quickly. He probably thought the speed of my
moves indicated that it was a foregone conclusion and therefore believed it to
be true also.}  (43... Ra6+ $1 {was his last chance to save the game} 44. Kc7
Ra7+ 45. Kc6 Ra6+ 46. Kb7 Ra3 47. Kc6 (47. b5 Kd6 48. b6 Rb3 {and White is
unable to get his king out of the way and escape the rook checks.} ) 47... Ra6+
) 44. b5 Kc8 45. b6 Rb3 46. h4 $1 {opening a new line for the rook to
infiltrate.} 46... d4 47. h5 d3 48. Rg2 Kd8 49. h6 {Black resigns.} 1-0

[Event "Julian Mazur Memorial"]
[Site "Wellington Chess Club"]
[Date "2019.09.19"]
[Round "8.5"]
[White "Sellen, Ian"]
[Black "Lyall, Gordon"]
[Result "1-0"]
[WhiteElo "2024"]
[BlackElo "1945"]

1. c4 c6 2. d4 d5 3. Nc3 Nf6 4. Bg5 Ne4 5. Bf4 Nxc3 6. bxc3 e6 7. e3 Bd6 8. Bg3
Bxg3 9. hxg3 Nd7 10. cxd5 cxd5 11. Bd3 Nf6 12. Qc2 h6 13. Nf3 Bd7 14. Nd2 Bc6
15. f3 Qc7 16. Kf2 Rc8 17. Rac1 O-O 18. g4 Rfe8 19. Rh3 e5 20. Bf5 exd4 21.
cxd4 Qe7 22. Bxc8 Qxe3+ 23. Kg3 Rxc8 24. Qc3 Qg5 25. Nb3 Bd7 26. Qd2 Qg6 27.
Rxc8+ Bxc8 28. Qf4 Kh7 29. Rh1 b6 30. Kf2 a5 31. Qd2 Bxg4 32. Nc1 Bd7 33. Nd3
Nh5 34. Ne5 Qg3+ 35. Kg1 Nf6 36. Nxd7 Nxd7 37. Rh3 Qg6 38. Kf2 a4 39. Rh1 b5
40. Rc1 Qb6 41. Qb4 Ne5 42. Rc3 Nc4 43. Rd3 Qg6 44. Rc3 Qa6 45. Rc1 h5 46. Qc5
Qh6 47. Re1 Qd2+ 48. Re2 Qf4 49. Qxd5 Na3 50. Qxh5+ Qh6 51. Qxh6+ Kxh6 52. Re7
Kg6 53. Ke2 Kf6 54. Rb7 g5 55. Kd3 Ke6 56. Kc3 f5 57. Kb4 Nc2+ 58. Kc5 b4 59.
d5+ Ke5 60. d6 b3 61. axb3 a3 62. d7 Nd4 63. Ra7 g4 64. fxg4 fxg4 65. b4 Ne6+
66. Kc6 Nd8+ 67. Kc7 Ne6+ 68. Kc8 Kd4 69. Rxa3 Kc4 70. Re3 1-0

[Event "Julian Mazur Memorial"]
[Site "Wellington Chess Club"]
[Date "2019.09.19"]
[Round "8.6"]
[White "He, Paul"]
[Black "Jackson, Ross"]
[Result "0-1"]
[WhiteElo "1885"]
[BlackElo "1964"]

1. c4 Nf6 2. g3 e5 3. Bg2 Be7 4. Nf3 d6 5. O-O O-O 6. Re1 Nbd7 7. d4 exd4 8.
Nxd4 Ne5 9. b3 Rb8 10. Nc3 Bd7 11. Nd5 Nxd5 12. cxd5 Bf6 13. Bb2 c5 14. dxc6
Nxc6 15. Nxc6 bxc6 16. Qd2 Bxb2 17. Qxb2 Qe7 18. Qa3 Be8 19. e4 f6 20. f4 Qc7
21. Rad1 c5 22. e5 fxe5 23. fxe5 dxe5 24. Rd5 Rb4 25. Rdxe5 Bf7 26. Re7 Qd6 27.
Qxa7 Qd4+ 28. Kh1 Bd5 29. Rxg7+ Qxg7 30. Bxd5+ Kh8 31. Qxc5 Rbb8 32. a4 Rbe8
33. Rc1 Qe5 34. Qc3 Rf1+ 0-1

[Event "Julian Mazur Memorial"]
[Site "Wellington Chess Club"]
[Date "2019.09.19"]
[Round "8.7"]
[White "Sole, Michael"]
[Black "Nicholls, Alistair"]
[Result "1-0"]
[WhiteElo "2008"]
[BlackElo "1844"]

1. e4 e5 2. Nf3 Nc6 3. Bb5 f5 4. d3 Nf6 5. Nc3 Bc5 6. O-O d6 7. exf5 O-O 8. Bg5
Bxf5 9. Nd5 Be6 10. Nxf6+ gxf6 11. Bh6 Rf7 12. c3 Ne7 13. d4 Bb6 14. Bd3 Nf5
15. Qd2 Qd7 16. d5 Nxh6 17. dxe6 Qxe6 18. Qxh6 Rd8 19. Bc2 Rg7 20. Qh5 Qd7 21.
Qf5 Qc6 22. Qe4 Qd7 23. Kh1 d5 24. Qf5 Qe7 25. Rae1 c6 26. Re2 e4 27. Rfe1 Bc7
28. Bxe4 dxe4 29. Rxe4 Be5 30. Nxe5 Qc5 31. Qxf6 Rf8 32. Qe6+ Kh8 33. Nd3 Qg5
34. g3 Qd2 35. Qd6 Rgf7 36. Qd4+ Rg7 37. Re7 Qg5 38. Qxg7+ Qxg7 39. Rxg7 Kxg7
1-0

[Event "Julian Mazur Memorial"]
[Site "Wellington Chess Club"]
[Date "2019.09.19"]
[Round "8.8"]
[White "Brockway, Andrew"]
[Black "Rossiter, Philip"]
[Result "1/2-1/2"]
[WhiteElo "1836"]
[BlackElo "1886"]

1. e4 c5 2. Nc3 a6 3. f4 b5 4. Nf3 Bb7 5. d3 e6 6. Qe2 Be7 7. g3 Nf6 8. Bg2 Nc6
9. O-O O-O 10. Nd1 Qc7 11. Nf2 Nd4 12. Nxd4 cxd4 13. Nd1 Rac8 14. c3 Bc5 15.
Kh1 d5 16. e5 Nd7 17. Bd2 dxc3 18. bxc3 d4 19. Rc1 Qb6 20. Nf2 dxc3 21. Bxc3
Bd4 22. Bxd4 Bxg2+ 23. Kxg2 Qxd4 24. Ne4 Nc5 25. Nxc5 Rxc5 26. Rxc5 Qxc5 27.
Qf2 Qd5+ 28. Kg1 Qxd3 29. Qb6 g6 30. Qxa6 Qe3+ 31. Kg2 Qe4+ 32. Kg1 Qd4+ 33.
Kg2 Qd5+ 34. Kg1 Qc5+ 35. Kg2 Rd8 36. Qa5 Qd5+ 37. Kg1 Ra8 38. Qb6 Rxa2 39. Rf2
Ra1+ 40. Rf1 Rxf1+ 41. Kxf1 h5 42. Qb8+ Kg7 43. Kg1 Qd4+ 44. Kg2 b4 45. Qc7 b3
46. Qe7 Qe4+ 47. Kg1 Qf5 48. Qb7 Qc2 49. Qe7 Qb1+ 50. Kf2 Qc2+ 51. Ke3 Qf5 52.
Qb4 Qc2 53. Qe7 Qf5 54. Qb4 Qc2 {Draw agreed (white is totally lost)} 1/2-1/2

[Event "Julian Mazur Memorial"]
[Site "Wellington Chess Club"]
[Date "2019.09.19"]
[Round "8.9"]
[White "Stone, Andrew"]
[Black "Webster, Jamie"]
[Result "0-1"]
[WhiteElo "2078"]
[BlackElo "1701"]

1. e4 e5 2. Nf3 Nc6 3. Bc4 Bc5 4. c3 Nf6 5. d4 exd4 6. cxd4 Bb4+ 7. Nc3 Nxe4 8.
O-O Bxc3 9. d5 Bf6 10. Re1 Ne7 11. Rxe4 d6 12. Bg5 Bxg5 13. Nxg5 h6 14. Qe2
hxg5 15. Re1 Be6 16. dxe6 f6 17. Re3 c6 18. Qd3 Qc7 19. Rh3 O-O-O 20. b4 d5 21.
Bb3 Qb6 22. a3 a6 23. Rh7 Rxh7 24. Qxh7 Rg8 25. Bc2 a5 26. Bg6 axb4 27. Bf7
bxa3 28. Bxg8 a2 29. Bf7 Qa5 30. Rf1 a1=Q 31. g3 Qe5 32. Qxg7 d4 0-1

[Event "Julian Mazur Memorial"]
[Site "Wellington Chess Club"]
[Date "2019.09.19"]
[Round "8.10"]
[White "Winfield, Alan"]
[Black "Chen, Wei Kai"]
[Result "1-0"]
[WhiteElo "1906"]
[BlackElo "1965"]

1. d4 Nf6 2. Bf4 g6 3. Nc3 Bg7 4. e4 d6 5. Qd2 O-O 6. O-O-O Nbd7 7. Nf3 c5 8.
d5 a6 9. Bh6 b5 10. Bxg7 Kxg7 11. Qf4 Qa5 12. Kb1 b4 13. Ne2 c4 14. Ned4 c3 15.
Nc6 Qc5 16. Nxe7 Nb6 17. Nd4 cxb2 18. Ndf5+ Bxf5 19. Nxf5+ Kh8 20. Nxd6 Nh5 21.
Nxf7+ Kg7 22. Qe5+ Kxf7 23. Qd4 Rfc8 24. Qxc5 Rxc5 25. Kxb2 Rac8 26. Bd3 Nf4
27. Rd2 Nxg2 28. Bxa6 Ra8 29. Bd3 Rca5 30. Ra1 Ra3 31. Bf1 Nf4 32. Rd4 Na4+ 33.
Kc1 Nc3 34. Kd2 Nxa2 35. e5 Nh5 36. d6 Ke6 37. f4 Nc3 38. Rxa3 bxa3 39. Kxc3 a2
40. Bc4+ Kd7 41. e6+ Ke8 42. Bxa2 1-0

[Event "Julian Mazur Memorial"]
[Site "Wellington Chess Club"]
[Date "2019.09.19"]
[Round "8.11"]
[White "Laking, Robert"]
[Black "Stoeveken, Peter"]
[Result "1/2-1/2"]
[WhiteElo "1968"]
[BlackElo "1827"]

1. d4 c5 2. d5 e5 3. c4 d6 4. Nc3 f5 5. e4 Nf6 6. exf5 Bxf5 7. Bd3 Bxd3 8. Qxd3
Be7 9. Nf3 O-O 10. Ng5 Qc8 11. Ne6 Rf7 12. O-O Nbd7 13. f4 exf4 14. Bxf4 Nh5
15. Bg3 Nf8 16. Rxf7 Kxf7 17. Qf5+ Nf6 18. Ne4 h6 19. Re1 Qd7 20. Nxf6 Bxf6 21.
Qh5+ Kg8 22. b3 Re8 23. h3 Nxe6 24. dxe6 Rxe6 25. Qd5 Kf7 26. Rxe6 Qxe6 27.
Qxb7+ Kg6 28. Qf3 Be5 29. Bxe5 Qxe5 30. Qd3+ Kf6 31. Kf2 g5 32. Qf3+ Kg6 33.
Qd3+ Kf6 34. Qe3 Qb2+ 35. Qe2 Qd4+ 36. Qe3 Qb2+ 1/2-1/2

[Event "Julian Mazur Memorial"]
[Site "Wellington Chess Club"]
[Date "2019.09.19"]
[Round "8.12"]
[White "Wevers, Alexis"]
[Black "Aldridge, Alan"]
[Result "1-0"]
[WhiteElo "1798"]
[BlackElo "1922"]

1. d4 Nf6 2. Bf4 c5 3. e3 g6 4. Nf3 Bg7 5. Be2 O-O 6. c4 cxd4 7. exd4 d5 8. O-O
dxc4 9. Nc3 Nbd7 10. Qd2 Nb6 11. Bh6 a6 12. Bxg7 Kxg7 13. Ne5 Be6 14. Rac1 Rc8
15. Rfd1 Qc7 16. Qf4 Nfd7 17. Qg3 Nxe5 18. dxe5 Rfd8 19. Ne4 Rxd1+ 20. Bxd1 Rd8
21. h4 Bf5 22. Ng5 Nd7 23. Nxf7 Rf8 24. Ng5 Qxe5 25. Bf3 Qxb2 26. Rxc4 Qxa2 27.
Rc7 b5 28. Kh2 Qb2 29. Bc6 Rd8 30. h5 Qe5 31. h6+ Kg8 32. Qxe5 Nxe5 33. Bb7
Ng4+ 34. Kg3 Nxh6 35. Bxa6 Rd7 36. Rc8+ Kg7 37. Rb8 Bd3 38. Bxb5 Nf5+ 39. Kh2
Bxb5 40. Rxb5 h5 41. Ne4 Rd4 42. Nc5 Kh6 43. Rb2 Rh4+ 44. Kg1 Rc4 45. Nd3 Rc3
46. Ne5 Nd6 47. Re2 Nf5 48. Rb2 Rc5 49. Nf7+ Kg7 50. Ng5 Re5 51. Nf3 Rc5 52.
Re2 Kf6 53. Kh2 e5 54. Nd2 Kf7 55. Nf3 Kf6 56. Nd2 Ke6 57. f4 Nd4 58. Re4 Nc6
59. Re2 Kf5 60. Ne4 Rc4 61. Nd6+ Kxf4 62. Nxc4 g5 63. g3+ Kf5 64. Kg2 g4 65.
Nd6+ Ke6 66. Ne4 Kf5 67. Nd6+ Ke6 68. Ne8 Kf7 69. Nc7 Ke7 70. Nd5+ Ke6 71. Nf4+
Kf5 72. Nxh5 Kg6 73. Nf4+ exf4 74. Re6+ Kf5 75. Rxc6 f3+ 76. Kf2 1-0

[Event "Julian Mazur Memorial"]
[Site "Wellington Chess Club"]
[Date "2019.09.19"]
[Round "8.13"]
[White "Quayle, Jamie"]
[Black "He, Caleb"]
[Result "1-0"]
[WhiteElo "1683"]
[BlackElo "1922"]

1. d4 Nf6 2. Bf4 g6 3. e3 Bg7 4. Nf3 d5 5. Nbd2 b6 6. Ne5 Bb7 7. Bb5+ Nfd7 8.
Qg4 c6 9. Bd3 Nf6 10. Qe2 O-O 11. g4 Nbd7 12. O-O-O c5 13. c3 Rc8 14. h4 c4 15.
Bc2 Nxe5 16. Bxe5 Ne4 17. Bxg7 Kxg7 18. h5 b5 19. Nxe4 dxe4 20. hxg6 hxg6 21.
Qf1 Qd5 22. Qg2 Rh8 23. g5 e6 24. Qg3 Qf5 25. Rdf1 Bd5 26. Bd1 Rxh1 27. Rxh1
Rh8 28. Rxh8 Kxh8 29. Qh4+ Kg7 30. Bg4 1-0

[Event "Julian Mazur Memorial"]
[Site "Wellington Chess Club"]
[Date "2019.09.19"]
[Round "8.14"]
[White "Carroll, Lewis"]
[Black "Van der Hoorn, Thomas"]
[Result "1/2-1/2"]
[WhiteElo "1422"]
[BlackElo "1807"]

1. Nf3 d5 2. c4 c6 3. cxd5 cxd5 4. d4 Nc6 5. Nc3 Nf6 6. Bg5 h6 7. Bxf6 exf6 8.
e3 Bb4 9. a3 Ba5 10. b4 Bc7 11. Na4 b6 12. Bb5 Bd7 13. Rc1 Ne7 14. Bxd7+ Qxd7
15. Nc3 Rc8 16. O-O O-O 17. Qd3 Ng6 18. Rc2 Rfe8 19. Rfc1 Ne7 20. Kh1 Bb8 21.
a4 Nc6 22. Qb5 Red8 23. Nxd5 Qxd5 24. Qxd5 Rxd5 25. Rxc6 Rxc6 26. Rxc6 Rd8 27.
e4 Kf8 28. d5 Ke7 29. Nd4 g6 30. Nb5 a6 31. Na3 Rd6 32. Nc4 Rxc6 33. dxc6 b5
34. axb5 axb5 35. Na3 Kd6 36. Nxb5+ Kxc6 37. Nd4+ Kb6 38. Kg1 Bd6 39. b5 Bc5
40. Nc6 Kxb5 41. Nd8 Bf8 42. Nxf7 Kc6 43. Nd8+ Kd6 44. Nb7+ Ke5 45. f3 f5 46.
exf5 Kxf5 47. Na5 Bc5+ 48. Kf1 Bd6 49. g3 h5 50. Nc4 Bb8 51. Kg2 g5 52. Nd2 g4
53. f4 h4 54. gxh4 Bxf4 55. Nc4 Kg6 1/2-1/2

[Event "Julian Mazur Memorial"]
[Site "Wellington Chess Club"]
[Date "2019.09.19"]
[Round "8.15"]
[White "Rabina, Romeo"]
[Black "Stannard, Lars"]
[Result "1/2-1/2"]
[WhiteElo "1647"]
[BlackElo "1417"]

1. b3 e5 2. Bb2 Nc6 3. e3 d6 4. Bb5 Bd7 5. d4 Qg5 6. Qf3 O-O-O 7. Ne2 h5 8. h3
Nf6 9. Nd2 Nxd4 10. Bxd7+ Rxd7 11. exd4 exd4 12. Bxd4 Kb8 13. Be3 Qg6 14. O-O-O
d5 15. Nd4 Ba3+ 16. Kb1 a6 17. g4 h4 18. Nf5 Ng8 19. Bd4 f6 20. Qe3 b6 21. Rhe1
Qf7 22. Qe8+ Kb7 23. Qxf7 Rxf7 24. Re8 g6 25. Ne3 c6 26. c4 Rd7 27. Nc2 Be7 28.
Re1 g5 29. Nf3 dxc4 30. Nxg5 cxb3 31. axb3 c5 32. Bc3 Rd3 33. Re3 Rxc3 34. Rxc3
fxg5 35. Rf3 Bd6 36. Rf7+ Kc6 37. Rg7 Rh6 38. Rexg8 Rf6 39. Rxg5 Rxf2 40. Rf5
Rh2 41. Rf3 Bg3 42. Rg6+ Kb5 43. Na3+ Kb4 44. Nc2+ Kb5 {Draw!?} 1/2-1/2

[Event "Julian Mazur Memorial"]
[Site "Wellington Chess Club"]
[Date "2019.09.19"]
[Round "8.16"]
[White "Ackroyd, William"]
[Black "Kibblewhite, Daniel"]
[Result "0-1"]
[WhiteElo "1277"]
[BlackElo "1537"]

1. Nf3 Nf6 2. c4 g6 3. Nc3 Bg7 4. e4 Nc6 5. d4 d6 6. Be2 O-O 7. O-O e5 8. d5
Ne7 9. Ne1 c6 10. Be3 cxd5 11. cxd5 b6 12. f3 Bd7 13. Qd2 Rc8 14. Bh6 b5 15.
Nd3 b4 16. Nd1 a5 17. Bxg7 Kxg7 18. Ne3 Qb6 19. g4 Bb5 20. Rac1 Rxc1 21. Rxc1
Rc8 22. Kg2 Rxc1 23. Nxc1 Bxe2 24. Qxe2 Qc7 25. Qc2 Qxc2+ 26. Nxc2 Nd7 27. Nb3
a4 28. Nd2 Nc5 29. Nxb4 Nc8 30. b3 Nb6 31. Nc4 axb3 32. Nxb6 b2 0-1

[Event "Julian Mazur Memorial"]
[Site "Wellington Chess Club"]
[Date "2019.09.19"]
[Round "8.17"]
[White "Osborne, Geoff"]
[Black "Farrington, Lawrence"]
[Result "0-1"]
[WhiteElo "1287"]
[BlackElo "1706"]

1. e4 e6 2. d3 d5 3. Nd2 c5 4. g3 b6 5. Bg2 Bb7 6. Ngf3 Nf6 7. Ne5 Nbd7 8. Nxd7
Nxd7 9. O-O Be7 10. Qe2 O-O 11. Nf3 dxe4 12. dxe4 e5 13. b3 Qc7 14. h4 Rad8 15.
Bb2 f6 16. h5 h6 17. Nh4 Nb8 18. Nf5 Kh8 19. Qg4 Rg8 20. Bc1 Bf8 21. c4 Bc8 22.
Qf3 Nc6 23. Nh4 Nd4 24. Qd1 Be7 25. Ng6+ Kh7 26. Nxe7 Qxe7 27. Kh2 Rd6 28. Bh3
Bxh3 29. Kxh3 Rgd8 30. Kg2 Qd7 31. Rb1 f5 32. Qd3 Qf7 33. f4 Ne6 34. Qe2 Nd4
35. Qf2 fxe4 36. f5 Nf3 37. Rb2 Qxf5 0-1

[Event "Julian Mazur Memorial"]
[Site "Wellington Chess Club"]
[Date "2019.09.19"]
[Round "8.18"]
[White "Ashe, Michael"]
[Black "Shepherd, Blake"]
[Result "1-0"]
[WhiteElo "1662"]
[BlackElo "1000"]

1. d4 d5 2. c4 e6 3. Nc3 Nf6 4. cxd5 exd5 5. Bg5 Be7 6. e3 O-O 7. Bd3 c6 8. Qc2
h6 9. Bh4 Ne4 10. Bxe7 Qxe7 11. Nxe4 Bf5 12. Nd2 Bxd3 13. Qxd3 Na6 14. a3 Rad8
15. Ngf3 c5 16. O-O Rfe8 17. Rfe1 c4 18. Qc3 Nc7 19. a4 b5 20. axb5 Nxb5 21.
Qa5 Rb8 22. Ne5 Rec8 23. Nb1 Qd6 24. Nc3 1-0

[Event "Julian Mazur Memorial"]
[Site "Wellington Chess Club"]
[Date "2019.09.19"]
[Round "8.19"]
[White "Darr, Samuel"]
[Black "Singh, Amrit"]
[Result "1-0"]
[WhiteElo "1567"]
[BlackElo "1000"]

1. e4 c6 2. d4 d5 3. exd5 cxd5 4. c4 e6 5. Nc3 Nf6 6. Bg5 Be7 7. Nf3 Qb6 8. b3
O-O 9. Bd3 Re8 10. Qc2 g6 11. c5 Qc6 12. Ne5 Qc7 13. Bf4 Nc6 14. Nxg6 fxg6 15.
Bxc7 Nxd4 16. Qd2 Bxc5 17. Be5 Kg7 18. Bxd4 Bxd4 19. O-O Bd7 20. Rac1 a6 21.
Qf4 Rac8 22. Qxd4 e5 23. Qh4 e4 24. Bb1 Bf5 25. h3 d4 26. Ne2 d3 27. Nd4 Rxc1
28. Nxf5+ gxf5 29. Rxc1 d2 30. Qg5+ Kf7 31. Qxd2 1-0

[Event "Julian Mazur Memorial"]
[Site "Wellington Chess Club"]
[Date "2019.09.19"]
[Round "8.20"]
[White "Stannard, Bobby"]
[Black "Asher, Bruce"]
[Result "1-0"]
[WhiteElo "1485"]
[BlackElo "1178"]

1. e4 e5 2. Nf3 Nc6 3. d4 exd4 4. Nxd4 Nf6 5. Nxc6 bxc6 6. e5 Nd5 7. c4 Nb6 8.
Be3 Bb4+ 9. Bd2 Bxd2+ 10. Qxd2 d6 11. exd6 cxd6 12. Nc3 Qe7+ 13. Be2 Nxc4 14.
Qd4 Ne5 15. f4 c5 16. Qd5 Bb7 17. Bb5+ Nc6+ 18. Ne2 Rc8 19. Rd1 O-O 20. Qxd6
Qe4 21. O-O Nd4 22. Rf2 c4 23. Qxd4 Qc2 24. Nc3 Qg6 25. Bxc4 h6 26. Bd3 Qg4 27.
Be4 Bxe4 28. Nxe4 Rfd8 29. Nd6 Rc6 30. h3 Qh5 31. g4 Qxh3 32. Rdd2 Qxg4+ 33.
Rg2 Rc1+ 34. Kf2 Qh4+ 35. Rg3 Qh2+ 36. Rg2 Qh4+ 37. Kf3 Qh3+ 38. Ke4 Re1+ 39.
Kd5 Qe6+ 40. Kc5 Rc1+ 41. Rc2 Rxc2+ 42. Rxc2 Qg6 43. Re2 Kh7 44. Re7 Rb8 45.
Rxf7 Qc2+ 46. Qc3 Qf2+ 47. Kd5 Rg8 48. Nf5 Rd8+ 49. Ke5 Qe2+ 50. Qe3 Re8+ 51.
Re7 Rxe7+ 52. Kd4 Rd7+ 53. Ke4 Qc4+ 54. Kf3 Qd5+ 55. Qe4 Qd1+ 56. Kg3 Rd3+ 57.
Kh4 g5+ 58. fxg5 hxg5+ 59. Kxg5 Qg1+ 60. Ng3+ Kg7 61. Qxd3 Qc5+ 62. Nf5+ Kf7
63. Qd7+ Kg8 64. Qg7# 1-0

[Event "Club Championships A Grade"]
[Site "Wellington Chess Club"]
[Date "2019.09.26"]
[Round "1"]
[White "Croad, Nicolas"]
[Black "Winter, Ryan"]
[Result "1-0"]
[WhiteElo "2442"]
[BlackElo "2087"]

1. d4 g6 2. c4 Bg7 3. e4 d6 4. Nc3 Nc6 5. Be3 e5 6. d5 Nce7 7. c5 f5 8. Bb5+
Kf8 9. f3 Nf6 10. Nge2 Kf7 11. h3 Rf8 12. g4 Kg8 13. Qd2 fxe4 14. fxe4 a6 15.
Bc4 b5 16. cxb6 cxb6 17. Ng3 Bd7 18. Be2 b5 19. b4 Qe8 20. O-O a5 21. a3 Qb8
22. a4 axb4 23. Nxb5 h5 24. g5 Ne8 25. Rxf8+ Bxf8 26. Qxb4 Nc7 27. Rb1 Nc8 28.
h4 Na6 29. Qe1 Nc5 30. Qf2 Nxa4 31. Rf1 Ncb6 32. Qf7+ Kh8 33. Qxg6 Qe8 34. Rf7
1-0

[Event "Club Championships A Grade"]
[Site "Wellington Chess Club"]
[Date "2019.09.26"]
[Round "1"]
[White "Ker, Anthony"]
[Black "Cilia Vincenti, David"]
[Result "1-0"]
[WhiteElo "2451"]
[BlackElo "2271"]

1. e4 e5 2. Nf3 Nc6 3. d4 exd4 4. Bc4 Nf6 5. e5 d5 6. Bb5 Ne4 7. Nxd4 Bd7 8.
Bxc6 bxc6 9. O-O Bc5 10. f3 Ng5 11. f4 Ne4 12. Be3 Bb6 13. Nc3 Nxc3 14. bxc3
O-O 15. Qd2 Qe7 16. Rfe1 c5 17. Nb3 c4 18. Nd4 c5 19. Nf3 Be6 20. Qf2 Rac8 21.
Rad1 Ba5 22. f5 Bxf5 23. Rxd5 Bxc3 24. Red1 Bd4 25. Nxd4 cxd4 26. Bxd4 Bg4 27.
Rf1 Qb7 28. Ra5 a6 29. Ra3 Be6 30. Rg3 Qe4 31. c3 Rb8 32. Qf6 g6 33. Re3 Qc2
34. Ree1 Rb2 35. Rf2 1-0